Random Friends Knowledge #2 - Statistics

General Stats
  • This quiz has been taken 189 times
  • The average score is 9 of 15
Answer Stats
Question Answer % Correct
The first episode of which season was dedicated to The People of New York City? 8
88%
Where is Chandler relocated to in season 9? Tulsa
84%
What does Ross say the Japanese call the state of 'total awareness'? Unagi
84%
Who does Phoebe first think is the father of Rachel's baby? Tag
78%
Where does the millionaire Pete take Monica for their first date? Rome
76%
Which home decor store does Phoebe hate? Pottery Barn
65%
What are Rachel's sisters called? Amy and Jill
62%
And what does Pete want to be that causes them to break up? The Ultimate Fighting Champion
59%
Which award is Joey nominated for? Soapy
53%
What type of cat does Rachel briefly own before selling it to Günther? Sphynx
49%
Which soundtrack does Chandler have 2 copies of? Annie
48%
Joey is from an Italian family, but he is also 1/16... what? Portuguese
39%
What "look-alike" contest did Chandler win? Vanilla Ice
33%
Finish these lyrics: I am Bea / I drink tea / Won't you... Dance around with me
27%
Where does Phoebe's sister Ursula claim to have been building houses to impress her fiance? Uruguay
11%
No matching quizzes found
Score Distribution
Percent of People with Each Score
Percentile by Number Answered
Your Score History
You have not taken this quiz